Les réquisitions personnelles
Saved in:
| Hovedforfatter: | |
|---|---|
| Format: | Bog |
| Sprog: | fransk |
| Udgivet: |
París
Librairie Générale de Droit et de Jurisprudence
1965
|
| Serier: | Bibliothèque d'Ouvrages de Droit Social, 6
|
| Fag: | |
| Tags: |
Tilføj Tag
Ingen Tags, Vær først til at tagge denne postø!
|
MARC
| LEADER | 00000nam a2200000 a 4500 | ||
|---|---|---|---|
| 001 | UCS0541 | ||
| 003 | CL-VaPUC | ||
| 008 | 970426e19650000FR |||||||||||||||||fre|d | ||
| 082 | 0 | 4 | |a 342.08 |b DOR |2 21 |
| 100 | 0 | |a Dorly, J. P |e author |9 384178 | |
| 245 | 1 | 4 | |a Les réquisitions personnelles |
| 300 | |a 361 p | ||
| 942 | |c BK | ||
| 945 | |d 19970426 00:00:00 |a paguirre | ||
| 260 | |a París |b Librairie Générale de Droit et de Jurisprudence |c 1965 | ||
| 650 | 7 | |a REQUISION MILITAR |2 CL-VaPUC |9 384179 | |
| 650 | 0 | |a Derecho administrativo |9 254851 | |
| 650 | 7 | |a DEBERES |2 CL-VaPUC |9 334588 | |
| 650 | 0 | |a Administración pública |9 255343 | |
| 651 | 0 | |a Francia |9 255157 | |
| 583 | |a last modification |c 20130925 08:33:34 |k Rodrigo Vera | ||
| 490 | 0 | |a Bibliothèque d'Ouvrages de Droit Social, 6 | |
| 999 | |c 258764 |d 258762 | ||
| 952 | |0 0 |1 0 |4 0 |6 342_080000000000000_DOR_1965 |7 0 |8 A |9 283056 |a BIBDER |b BIBDER |d 2019-11-19 |i 183665K |o 342.08 DOR 1965 |p 183665K |r 2023-01-25 |w 2019-11-19 |y BK |k DER | ||